Comercio internacional: secretos del negocio 2000

Uloženo v:
Podrobná bibliografie
Hlavní autor: Narbona Véliz, Hernán (autor)
Médium: Kniha
Jazyk:španělština
Vydáno: Valparaíso Centro de Negocios Internacionales 2000
Vydání:1a. ed
Témata:
Tagy: Přidat tag
Žádné tagy, Buďte první, kdo vytvoří štítek k tomuto záznamu!

MARC

LEADER 00000cam a2200000 a 4500
001 UCO0431
003 CL-VaPUC
008 000420e20000000CL |||||||||||||||||spa|d
020 |a 9567988005 
082 0 4 |a 382.6  |b NAR  |2 21 
100 |a Narbona Véliz, Hernán  |e autor  |9 538419 
245 1 0 |a Comercio internacional: secretos del negocio 2000 
250 |a 1a. ed 
300 |a 417 p 
942 |c BK 
945 |d 20000420 00:00:00  |a vberengu 
260 |a Valparaíso  |b Centro de Negocios Internacionales  |c 2000 
650 0 |a Comercio  |9 255341 
650 7 |a COMERCIO INTERNACIONAL  |2 CL-VaPUC  |9 441698 
650 0 |a Contratos internacionales  |9 354502 
650 7 |a EXPORTACIONES  |2 CL-VaPUC  |9 255382 
583 |a last modification  |c 20161202 11:11:41  |k Rodrigo Vera 
999 |c 287136  |d 287134 
952 |0 0  |1 0  |4 0  |6 382_600000000000000_NAR_2000  |7 0  |8 A  |9 333570  |a BIBING  |b BIBING  |d 2019-11-20  |i 3603032  |o 382.6 NAR 2000  |p 3603032  |r 2025-01-20  |w 2019-11-20  |y BK  |k TRA 
952 |0 0  |1 0  |4 0  |6 382_600000000000000_NAR_2000  |7 0  |8 A  |9 333571  |a BIBING  |b BIBING  |d 2019-11-20  |i 3603040  |o 382.6 NAR 2000  |p 3603040  |r 2025-01-20  |w 2019-11-20  |y BK  |k TRA 
952 |0 0  |1 0  |4 0  |6 382_600000000000000_NAR_2000  |7 0  |8 A  |9 333572  |a BIBING  |b BIBING  |d 2019-11-20  |i 3603059  |o 382.6 NAR 2000  |p 3603059  |r 2025-01-20  |w 2019-11-20  |y BK  |k TRA 
952 |0 0  |1 0  |4 0  |6 382_600000000000000_NAR_2000  |7 0  |8 A  |9 333573  |a BIBING  |b BIBING  |d 2019-11-20  |i 3603067  |o 382.6 NAR 2000  |p 3603067  |r 2025-01-20  |w 2019-11-20  |y BK  |k TRA 
952 |0 0  |1 0  |4 0  |6 382_600000000000000_NAR_2000  |7 0  |8 A  |9 333574  |a BIBING  |b BIBING  |d 2019-11-20  |i 3603075  |o 382.6 NAR 2000  |p 3603075  |r 2025-01-20  |w 2019-11-20  |y BK  |k TRA